Cinéma en images par lettres - E - Statistiques

Statistiques générales
  • Ce quiz a été pris 399 fois
  • Le résultat moyen est 13 sur 24
Statistiques - réponses
Par images Hint Réponse % Correct
Film E.T l'extra-terrestre
99%
Personnage Elsa
91%
Acteur Gad Elmaleh
91%
Objet Écran
88%
Personnage Edward
87%
Actrice Adèle Exarchopoulos
84%
Actrice Virginie Efira
83%
Acteur Zac Efron
76%
Acteur/Réalisateur Clint Eastwood
75%
Film Les Évadés
72%
Acteur Chris Evans
55%
Acteur Idris Elba
53%
Inventeur Thomas Edison
42%
Film Eternal Sunshine of the Spotless Mind
41%
Film Everything Everywhere All at Once
41%
Film Ernest et Célestine
38%
Composant d'un film Effets spéciaux
36%
Film L'Étrange histoire de Benjamin Button
34%
Film Eraserhead
21%
Métier du cinéma Étalonneur
20%
Compositeur Danny Elfman
9%
Terme technique Exposition
9%
Réalisateur Sergueï Eisenstein
6%
Réalisateur Roland Emmerich
1%
Aucun quiz correspondant
Distribution des résultats
% des personnes avec chaque résultat
Percentile par nombre de réponses
Votre historique - résultats
Vous n’avez pas pris ce quiz